000 00157nam a22000857a 4500
999 _c58107
_d58104
082 _a500.1HAQ
100 _aHaque
245 _aWill you not think
942 _cBK